[Event "IND-ch 61st"]
[Site "Gurugram"]
[Date "2024.08.18"]
[Round "2"]
[White "Kishan, Kumar"]
[Black "Ghosh, Diptayan"]
[Result "0-1"]
[WhiteElo "1954"]
[BlackElo "2568"]
[PlyCount "96"]
[EventDate "2024.08.17"]
[EventType "swiss"]
[EventRounds "11"]
[EventCountry "IND"]
[SourceTitle "EXT 2025"]
[Source "ChessBase"]
[SourceDate "2024.10.14"]
[SourceVersion "1"]
[SourceVersionDate "2024.10.14"]
[SourceQuality "1"]

1. Nf3 d5 2. e3 Nf6 3. c4 e6 4. b3 Bd6 5. Bb2 0-0 6. Nc3 a6 7. Rc1 Nbd7 8. d4 b6 9. Bd3 Bb7 10. Qc2 Re8 11. 0-0 dxc4 12. bxc4 e5 13. Ne4 Nxe4 14. Bxe4 Bxe4 15. Qxe4 exd4 16. Qxd4 Ne5 17. Qd5 Nd3 18. Rb1 Nxb2 19. Rxb2 Qf6 20. Rd2 Rad8 21. Qb7 g6 22. Qxa6 Bxh2+ 23. Kxh2 Rxd2 24. Nxd2 Qd6+ 25. Kg1 Qxd2 26. Qb7 Qd6 27. Qd5 Qf6 28. Rd1 Kg7 29. Qd4 Re5 30. f4 Ra5 31. Rd2 Qxd4 32. exd4 Ra4 33. Rc2 Kf6 34. g4 h5 35. gxh5 gxh5 36. c5 b5 37. Rb2 c6 38. d5 cxd5 39. Rxb5 Rxa2 40. Rb6+ Kf5 41. Rd6 Ke4 42. Rf6 d4 43. c6 d3 44. c7 Rc2 45. Rxf7 d2 46. Rd7 Ke3 47. Re7+ Kxf4 48. Rd7 Ke5 0-1

[Event "Manikyanagar Chanchal Dad Memorial"]
[Site "Manikyanagar"]
[Date "2024.07.27"]
[Round "7"]
[White "Chudasama, Ankit"]
[Black "Kishan, Kumar"]
[Result "1/2-1/2"]
[WhiteElo "1767"]
[BlackElo "1918"]
[PlyCount "103"]
[EventDate "2024.07.24"]
[EventType "swiss"]
[EventRounds "9"]
[EventCountry "IND"]
[SourceTitle "EXT 2025"]
[Source "ChessBase"]
[SourceDate "2024.10.14"]
[SourceVersion "1"]
[SourceVersionDate "2024.10.14"]
[SourceQuality "1"]

1. d4 Nf6 2. c4 e6 3. Nf3 d5 4. Nc3 Be7 5. cxd5 exd5 6. Bf4 c6 7. e3 Bf5 8. h3 h6 9. g4 Bh7 10. Ne5 Nbd7 11. Qb3 Qb6 12. Qxb6 axb6 13. f3 Nxe5 14. Bxe5 0-0 15. Bxf6 Bxf6 16. Kd2 b5 17. Bd3 b4 18. Ne2 c5 19. Bxh7+ Kxh7 20. Rhc1 b6 21. a3 Ra4 22. Kc2 Rfa8 23. Nf4 bxa3 24. b3 R4a7 25. Nxd5 cxd4 26. Nxf6+ gxf6 27. exd4 b5 28. b4 Ra4 29. Rcb1 a2 30. Rb3 Kg6 31. Kd3 f5 32. d5 fxg4 33. hxg4 Kf6 34. Kd4 Rc8 35. Rb2 Rc4+ 36. Ke3 Rc3+ 37. Kd4 Rc4+ 38. Ke3 Ra3+ 39. Ke2 Ke5 40. Raxa2 Rxb4 41. Rxb4 Rxa2+ 42. Ke3 Ra3+ 43. Kf2 Ra5 44. Re4+ Kxd5 45. Re7 f6 46. Rh7 b4 47. Rxh6 Rb5 48. Ke3 b3 49. Rh5+ Kc4 50. Rxb5 Kxb5 51. Kd2 Kc4 52. f4 1/2-1/2

[Event "Manikyanagar Chanchal Dad Memorial"]
[Site "Manikyanagar"]
[Date "2024.07.27"]
[Round "8"]
[White "Kishan, Kumar"]
[Black "Vivek, Kaushal"]
[Result "1-0"]
[WhiteElo "1918"]
[BlackElo "1695"]
[PlyCount "58"]
[EventDate "2024.07.24"]
[EventType "swiss"]
[EventRounds "9"]
[EventCountry "IND"]
[SourceTitle "EXT 2025"]
[Source "ChessBase"]
[SourceDate "2024.10.14"]
[SourceVersion "1"]
[SourceVersionDate "2024.10.14"]
[SourceQuality "1"]

1. Nf3 Nf6 2. c4 c5 3. Nc3 Nc6 4. g3 g6 5. Bg2 Bg7 6. 0-0 0-0 7. d4 cxd4 8. Nxd4 Nxd4 9. Qxd4 d6 10. Rd1 Nd7 11. Qh4 Re8 12. Bh6 Bh8 13. Rac1 Qa5 14. b4 Qd8 15. c5 dxc5 16. bxc5 Bxc3 17. Rxc3 Qa5 18. Rcd3 Qc7 19. Rxd7 Bxd7 20. Qd4 e5 21. Qxd7 Re7 22. Qd6 Qxd6 23. cxd6 Rd7 24. f4 exf4 25. Bxf4 Rad8 26. g4 h6 27. e4 g5 28. Bg3 f6 29. Bf1 Re8 1-0

[Event "Manikyanagar Chanchal Dad Memorial"]
[Site "Manikyanagar"]
[Date "2024.07.25"]
[Round "3"]
[White "Kishan, Kumar"]
[Black "Pathak, Anshu Kr"]
[Result "1-0"]
[WhiteElo "1918"]
[BlackElo "1655"]
[PlyCount "51"]
[EventDate "2024.07.24"]
[EventType "swiss"]
[EventRounds "9"]
[EventCountry "IND"]
[SourceTitle "EXT 2025"]
[Source "ChessBase"]
[SourceDate "2024.10.14"]
[SourceVersion "1"]
[SourceVersionDate "2024.10.14"]
[SourceQuality "1"]

1. d4 d6 2. e4 Nf6 3. Nc3 g6 4. Nf3 Bg7 5. h3 c6 6. Bd3 Nbd7 7. 0-0 0-0 8. Re1 e5 9. Bf1 Re8 10. dxe5 dxe5 11. Be3 Qc7 12. Qd2 Nf8 13. Rad1 Ne6 14. g3 b5 15. a3 a5 16. Bh6 Rd8 17. Qe3 Bb7 18. Bxg7 Kxg7 19. Rxd8 Rxd8 20. Bd3 Nd4 21. Ne2 c5 22. Nexd4 exd4 23. Qg5 h6 24. Qh4 Nd7 25. Qe7 c4 26. Nxd4 1-0

[Event "Guwahati Smart City op"]
[Site "Guwahati"]
[Date "2024.07.07"]
[Round "10"]
[White "Kishan, Kumar"]
[Black "Arpan, Das"]
[Result "1/2-1/2"]
[WhiteElo "1917"]
[BlackElo "2050"]
[PlyCount "56"]
[EventDate "2024.07.02"]
[EventType "swiss"]
[EventRounds "10"]
[EventCountry "IND"]
[SourceTitle "CBM 221 Extra"]
[Source "ChessBase"]
[SourceDate "2024.09.30"]
[SourceVersion "1"]
[SourceVersionDate "2024.09.30"]
[SourceQuality "1"]

1. Nf3 Nf6 2. b3 g6 3. Bb2 Bg7 4. e3 0-0 5. Be2 c5 6. 0-0 Nc6 7. d4 cxd4 8. Nxd4 d5 9. Nd2 Re8 10. N2f3 Ne4 11. Nxc6 bxc6 12. Bxg7 Kxg7 13. c4 e5 14. Rc1 Bb7 15. Qc2 Rc8 16. Rfd1 Qe7 17. Qb2 f6 18. b4 Red8 19. h3 Rb8 20. a3 c5 21. cxd5 Bxd5 22. b5 Qe6 23. Nd2 Ng5 24. Rxc5 Bxg2 25. Kxg2 Qxh3+ 26. Kg1 Qh4 27. Kg2 Qh3+ 28. Kg1 Qh4 1/2-1/2

[Event "Jaipur op 1st"]
[Site "Jaipur"]
[Date "2024.06.01"]
[Round "7"]
[White "Kishan, Kumar"]
[Black "Prithvi, Sharma"]
[Result "1-0"]
[WhiteElo "1920"]
[BlackElo "1770"]
[PlyCount "59"]
[EventDate "2024.05.29"]
[EventType "swiss"]
[EventRounds "9"]
[EventCountry "IND"]
[SourceTitle "CBM 220 Extra"]
[Source "ChessBase"]
[SourceDate "2024.07.31"]
[SourceVersion "1"]
[SourceVersionDate "2024.07.31"]
[SourceQuality "1"]

1. d4 Nf6 2. c4 b6 3. Nc3 Bb7 4. Nf3 e6 5. a3 d5 6. Bg5 Be7 7. e3 0-0 8. Rc1 dxc4 9. Bxc4 Nbd7 10. 0-0 h6 11. Bh4 Nh5 12. Bxe7 Qxe7 13. d5 e5 14. Nd2 Nhf6 15. Nde4 Rfd8 16. Qf3 Rac8 17. Rfd1 Nxe4 18. Nxe4 Nf6 19. Nxf6+ Qxf6 20. Qe2 c6 21. Ba6 Bxa6 22. Qxa6 Rc7 23. h3 Rd6 24. e4 Qd8 25. Qa4 Rcd7 26. Rxc6 Rxc6 27. Qxc6 Rd6 28. Qc3 Qg5 29. Rd3 Rf6 30. d6 1-0

[Event "Jaipur op 1st"]
[Site "Jaipur"]
[Date "2024.05.31"]
[Round "6"]
[White "Arpan, Das"]
[Black "Kishan, Kumar"]
[Result "1-0"]
[WhiteElo "2038"]
[BlackElo "1920"]
[PlyCount "145"]
[EventDate "2024.05.29"]
[EventType "swiss"]
[EventRounds "9"]
[EventCountry "IND"]
[SourceTitle "CBM 220 Extra"]
[Source "ChessBase"]
[SourceDate "2024.07.31"]
[SourceVersion "1"]
[SourceVersionDate "2024.07.31"]
[SourceQuality "1"]

1. d4 Nf6 2. Nf3 d5 3. Bf4 e6 4. e3 c5 5. c3 Nc6 6. Nbd2 Bd6 7. Bg3 0-0 8. Bd3 b6 9. e4 Be7 10. e5 Nh5 11. Ng5 Bxg5 12. Qxh5 g6 13. Qe2 h5 14. h4 Bh6 15. Nf3 Bb7 16. Rd1 Rc8 17. a3 cxd4 18. Nxd4 Nxd4 19. cxd4 Bc6 20. b3 Qe7 21. Qb2 Rc7 22. 0-0 Rfc8 23. f4 Bb7 24. Be1 a5 25. Ra1 Ra8 26. Qe2 f5 27. exf6 Qxf6 28. Kh1 Rac8 29. Qe3 Bg7 30. Rd1 Bc6 31. Rc1 Be8 32. Rxc7 Rxc7 33. f5 gxf5 34. Bxf5 Qxd4 35. Bxe6+ Bf7 36. Qg5 Qe5 37. Qxe5 Bxe5 38. Rxf7 Rxf7 39. Bxd5 Kg7 40. Bxf7 Kxf7 41. Kg1 Ke6 42. Kf2 Kf5 43. Kf3 Bf6 44. a4 Be7 45. g3 Bd6 46. Bd2 Be7 47. Bf4 Bd8 48. Bd6 Ke6 49. Bf4 Kf5 50. Bb8 Be7 51. Bc7 Bc5 52. Bd8 Bd4 53. Bg5 Be5 54. Bf4 Bf6 55. Ke3 Bd8 56. Bb8 Kg4 57. Bd6 Bf6 58. Bc7 Bc3 59. Bxb6 Kxg3 60. Bd8 Kg4 61. Kd3 Be1 62. Kc4 Bxh4 63. Bxh4 Kxh4 64. b4 axb4 65. a5 Kg3 66. a6 h4 67. a7 h3 68. a8Q Kh2 69. Qb8+ Kg2 70. Qb7+ Kg1 71. Qg7+ Kh1 72. Qg3 h2 73. Qf2 1-0

[Event "Jaipur op 1st"]
[Site "Jaipur"]
[Date "2024.05.29"]
[Round "1"]
[White "Kishan, Kumar"]
[Black "Kothari, Kushagra"]
[Result "1-0"]
[WhiteElo "1920"]
[BlackElo "1454"]
[PlyCount "66"]
[EventDate "2024.05.29"]
[EventType "swiss"]
[EventRounds "9"]
[EventCountry "IND"]
[SourceTitle "CBM 220 Extra"]
[Source "ChessBase"]
[SourceDate "2024.07.31"]
[SourceVersion "1"]
[SourceVersionDate "2024.07.31"]
[SourceQuality "1"]

1. c4 Nf6 2. g3 c6 3. Bg2 d5 4. cxd5 cxd5 5. Nf3 Nc6 6. 0-0 e5 7. d3 Be7 8. a3 0-0 9. b4 a6 10. Bb2 Qc7 11. Nbd2 Be6 12. Rc1 Rac8 13. Nxe5 Bd6 14. Nxc6 bxc6 15. Nb3 Nd7 16. Nd4 Qb7 17. Nxe6 fxe6 18. e4 a5 19. Qg4 Ne5 20. Bxe5 Bxe5 21. Qxe6+ Kh8 22. Qxe5 axb4 23. exd5 cxd5 24. Bxd5 Qb5 25. Rxc8 Rxc8 26. Qe6 Rd8 27. Bc4 Qb8 28. Rb1 Re8 29. Qh3 Qa8 30. axb4 Qf3 31. b5 h6 32. b6 Rf8 33. Qg2 Qe2 1-0